00901 2200301 4500001002100000005001500021020002200036035002400058040001200082082001700094084001700111090001700128100001900145245011800164250001700282260003800299300004400337500003600381504003100417650001400448700001600462700002900478700002900507850001200536990001700548990001700565990001700582YOGYA00000000010682320140823134956 a978-602-229-065-0 0010-081400000000013 aYOPDYOG 2[22]a361.06 a361.06 Nat K a361.06 Nat K aNATHAN, Robert aKonseling karierc/ Roberty Nathan & Linda Hill ; penerjemah, Helly Prajitno Soetjipto, Sri Mulyantini Soetjipto. aCet.1, Ed.2. aYogyakartabPustaka Pelajarc2012 axx, 330 hlm.b: ilus.c; 24 cm (3 eks.) aJudul asli : Career counselling aBibliografi : hlm. 319-325 aKonseling aHill, Linda aHelly Prajitno Soetjipto aSri Mulyantini Soetjipto aYOPDYOG a7969/PD.2014 a7970/PD.2014 a7971/PD.2014